00748nam a2200205Ia 450000500170000000800410001702000180005804100120007608200200008810000200010824500740012826000420020230000220024465000260026665000220029265000220031494200070033699900170034395201820036020260429111948.0260429s9999||||xx |||||||||||||| ||und|| a9781265257484 aEnglish a320.540973bLAM aLamb, Pamela K. 0a5 steps to a 5 : bAP U.S. government and politics / cPamela K. Lamb aUnited States : bMcGraw Hill,c2023. axvii, 566 p.; pbk a Political ideologies a Western politics aPolitical science cTB c51645d51645 001040708NFICaCUTNbCUTNc300d2026-04-29eChennai Book Agency, Chennai - Invoice No. 24-25/0155 on 10-02-2026l0o320.540973 LAMp56673r2026-04-29 11:19:48w2026-04-29yTB